000 00299nam a2200109Ia 4500
008 200302s9999 xx 000 0 und d
100 _aBarbara B. Buchholz & other
245 _aApartment Living New Designs for Urban Living
260 _bRockport Publishers Inc.,
260 _c2000
300 _a142 P.,
999 _c1755
_d1755